6/7 Click Quiz - Statistics

General Stats
  • This quiz has been taken 183 times
  • The average score is 18 of 25
Answer Stats
Hint Answer % Correct
Days in a week 7
97%
Number of sides on typical dice 6
95%
Number of deadly sins 7
90%
Legs on an ant 6
89%
So happy that I’m in __th heaven 7
84%
Stereotypically lucky number 7
81%
Number of continents 7
80%
Siete in Spanish 7
78%
Prime number 7
77%
Touch down plus the conversion 7
76%
Number of friends in Friends 6
74%
Star Wars Episode __: Return of the Jedi 6
73%
June’s position in the Jan-Dec calendar 6
73%
Seal Team that got bin Laden 6
69%
Carbon’s atomic number 6
68%
Fingers on the hand that killed Inigo Montoya’s dad 6
65%
Number of points on the star on Israel’s flag 6
65%
Singers in a sextet 6
64%
Seas that Sinbad sailed 7
64%
How many kids Kris Jenner had (Jenners & Kardashians) 6
59%
Number of geese a laying 6
58%
“F” in the A1Z26 cipher system 6
56%
Number of members in that S Club pop group 7
55%
Stars on Australia’s flag 6
47%
Tom Brady Super Bowl wins 7
47%
No matching quizzes found
Score Distribution
Percent of People with Each Score
Percentile by Number Answered
Your Score History
You have not taken this quiz